| 000 | 00875nam a22002537a 4500 | ||
|---|---|---|---|
| 999 |
_c4499 _d4499 |
||
| 003 | AR-CdUCM | ||
| 008 | 190308b ||||| |||| 00| 0 spa d | ||
| 020 | _a950-694-258-7 | ||
| 040 |
_aMUNICIPALIDAD PROVINCIAL DEL CUSCO _cBIBLIOTECA MUNICIPAL DEL CUSCO |
||
| 041 | _heng | ||
| 082 |
_a973.09 / _bM86 |
||
| 100 |
_aMorgan, Ted _914126 |
||
| 245 |
_aFDR Franklin Delano Roosevelt : _buna biografía / |
||
| 260 |
_aBuenos Aires : _bGrupo Editor Latinoamericano, _c1993. |
||
| 300 |
_a674 paginas ; _c26 cm. |
||
| 505 | _aLos primeros catorce años -- El matrimonio -- El senado del estado -- Secretario adjunto de marina -- La marina en guerra ... | ||
| 650 |
_aPresidentes _91678 |
||
| 650 |
_aEstados Unidos _91805 |
||
| 650 |
_aBiografías históricas _96252 |
||
| 650 |
_aBiografía _922 |
||
| 700 |
_aPiña, Cristina _99645 |
||
| 942 |
_2ddc _cLIBROS |
||
| 945 | _aacv | ||